Forever and Always - Taylor Swift Lyrics - Statistics

General Stats
  • This quiz has been taken 1,658 times
  • The average score is 343 of 395
Answer Stats
% Correct
a
100%
i
100%
and
99%
you
99%
for
97%
it
97%
when
97%
your
97%
always
96%
forever
96%
the
96%
me
95%
was
95%
in
94%
said
94%
to
93%
he
92%
so
92%
we
91%
is
90%
up
90%
youre
90%
cause
89%
eye
89%
baby
87%
did
86%
here
86%
something
86%
back
85%
everything
85%
gone
85%
rains
85%
there
85%
at
84%
feel
84%
loved
84%
not
84%
were
84%
caught
83%
looked
83%
told
83%
all
82%
dont
82%
time
82%
tuesday
82%
nothing
81%
bedroom
80%
now
80%
Once
80%
still
80%
believe
79%
called
79%
cant
79%
flash
79%
just
79%
out
79%
phone
79%
say
79%
Upon
79%
hasnt
78%
oh
78%
way
78%
wrong
78%
anymore
76%
kidding
76%
onto
76%
this
76%
too
76%
door
74%
down
74%
like
74%
of
74%
stare
74%
what
74%
eyes
73%
run
73%
boy
72%
into
72%
little
72%
never
72%
one
72%
tell
72%
hide
71%
im
71%
night
71%
scared
71%
then
71%
half
70%
honest
69%
knew
69%
made
69%
welcome
69%
almost
68%
happened
68%
low
68%
minute
68%
please
68%
second
68%
speak
68%
sure
68%
where
67%
line
66%
forget
65%
heres
65%
hold
65%
silence
65%
that
65%
perfect
64%
thing
64%
breaking
63%
going
63%
mean
63%
though
63%
didnt
61%
coming
59%
core
58%
thought
56%
yeah
56%
cuts
54%
flashback
43%
No matching quizzes found
Score Distribution
Percent of People with Each Score
Percentile by Number Answered
Your Score History
You have not taken this quiz